A 45 años del Golpe de Estado de 1973 : seminario 1973-2018 /
Сохранить в:
| Соавтор: | |
|---|---|
| Другие авторы: | |
| Формат: | Электронный ресурс Материалы конференции eКнига |
| Язык: | испанский |
| Опубликовано: |
Santiago, Chile :
Ediciones UC,
[2019]
|
| Предметы: | |
| Online-ссылка: | Digitalia Hispánica |
| Метки: |
Добавить метку
Нет меток, Требуется 1-ая метка записи!
|
MARC
| LEADER | 00000nam a2200000Ii 4500 | ||
|---|---|---|---|
| 001 | DIGUCCH0178 | ||
| 003 | NyNyDIG | ||
| 006 | m o d | ||
| 007 | cr ||||||||||| | ||
| 008 | 250714s2019 cl a ob 100 0 spa d | ||
| 035 | |a (OCoLC)1197724902 | ||
| 040 | |a DGITA |b eng |e rda |e pn |c DGITA | ||
| 020 | |a 9789561424272 |q edición digital | ||
| 020 | |z 9789561424265 |q edición impresa | ||
| 043 | |a s-cl--- | ||
| 050 | 1 | 4 | |a F3108.5 ebook |
| 111 | 2 | |a Seminario 1973-2018: A 45 años del Golpe de Estado. Nuevos Enfoques y Perspectivas |d (2018 : |c Pontificia Universidad Católica de Chile), |e author. | |
| 245 | 1 | 0 | |a A 45 años del Golpe de Estado de 1973 : |b seminario 1973-2018 / |c Patricio Bernedo P., editor. |
| 246 | 3 | |a A cuarenta y cinco años del golpe de estado de 1973 | |
| 264 | 1 | |a Santiago, Chile : |b Ediciones UC, |c [2019] | |
| 300 | |a 1 online resource : |b illustrations. | ||
| 336 | |a text |b txt |2 rdacontent | ||
| 337 | |a computer |b c |2 rdamedia | ||
| 338 | |a online resource |b cr |2 rdacarrier | ||
| 347 | |a text file |2 rdaft | ||
| 347 | |b EPUB | ||
| 504 | |a Includes bibliographical references. | ||
| 588 | 0 | |a Online resource; title from ePub title page (Digitalia, viewed July 14, 2025) | |
| 651 | 0 | |a Chile |x History |y Coup d'état, 1973 |v Congresses. | |
| 651 | 0 | |a Chile |x Politics and government |y 1973- |v Congresses. | |
| 700 | 1 | |a Bernedo, Patricio, |d 1961- |e editor. | |
| 776 | 0 | 8 | |i Print version: |a Seminario 1973-2018: A 45 años del Golpe de Estado. Nuevos Enfoques y Perspectivas (2018 : Pontificia Universidad Católica de Chile). |t A 45 años del Golpe de Estado de 1973. |d Santiago, Chile : Ediciones UC, [2019] |z 9789561424265 |
| 791 | 2 | |a Digitalia (Firm), |e distributor. | |
| 793 | 0 | |g Digitalia eBook Collection: |a Universidad Católica de Chile | |
| 856 | 4 | 0 | |3 Digitalia Hispánica |u https://digitalia.unach.elogim.com/a/175476/ |
| 910 | |a Premium collection: 2025 | ||